000 01442nam a2200337 c 4500
003 BLK
005 20180420222922.0
008 180408b bul|||||r ||||||| ||bul||
010 _aKNG00064109000
040 _aBLK
041 _aBUL
_cBUL
080 _aСелскостопански машини и инструменти. Селскостопанско машиностроене
_b631.3
_x(075.8)
_z631.3(075.8)
100 1 _aВезиров, Чавдар Златков
_eпърви автор
_9277362
139 _aВезиров, Чавдар Златков
_bВ 36
245 1 0 _aПроектиране на селскостопански агрегати и технологични комплекси
_bЗаписки за студентите от ВТУ А. Кънчев - Русе
_cЧавдар Златков Везиров.
257 _aBGR
260 Русе
_bВТУ Ангел Кънчев
_c1985
300 _a300 с.
_bсъс сх., табл., диагр.
_c22 см
380 _a63
500 _aБиблиогр. с. 296-298.
504 _a296-298
650 4 _aСелскостопанска техника
_9274067
653 _aселскостопанска техника
653 _aпроектиране
653 _aучебници за ВУЗ
852 _aЦб 140145
856 4 _qpdf
_u
856 4 _qpdf
_u
942 _cKNG
_n0
944 _aCR
_c13.06.2004
_kЛюдмила_Стоянова
944 _aED
_c16.08.2010
_k
999 _c59981
_d59981